| 000 | 02397nam0a2200337 4500 | ||
|---|---|---|---|
| 001 | RU\NLR\bibl\1763834 | ||
| 005 | 20260607043411.0 | ||
| 021 |
_aRU _b2011-26012 _91852 |
||
| 035 | _a(NLR Aleph) 001754638 | ||
| 090 |
_a1540393 _c1540393 |
||
| 100 | _a20110428d2010 |||y0rusy50 ca | ||
| 101 | 0 | _arus | |
| 102 | _aRU | ||
| 105 | _ay ||||||||| | ||
| 200 | 1 |
_aКомментарий к постановлению Пленума Верховного Суда Российской Федерации "О практике рассмотрения судами уголовных дел о нарушении авторских, смежных, изобретательских и патентных прав, а также о незаконном использовании товарного знака" от 26 апреля 2007 года N 14 _fВ.Ф. Щепельков _gС.-Петерб. юрид. ин-т (фил.) Акад. генер. прокуратуры Рос. Федерации |
|
| 210 |
_aСанкт-Петербург _cРедакционно-издательская лаборатория Санкт-Петербургского юридического институтат (филиала) Академии Генеральной прокуратуры РФ _d2010 |
||
| 215 |
_a84 с. _d21 |
||
| 300 | _aПеред вып. дан. авт.: Владислав Федорович Щепельков, д.юрид. н., доц. | ||
| 320 | _aБиблиогр. в подстроч. примеч. | ||
| 320 | _aУказ. осн. понятий: с. 83-84 | ||
| 601 | 0 | 1 |
_aРоссийская Федерация _bВерховный Суд _xПраворазъяснительная деятельность _92274890 _3RU\NLR\auth\661363331 |
| 606 | 1 |
_aАвторские права _xНарушения _xУголовно-процессуальные вопросы _yРоссийская Федерация _92320454 _3RU\NLR\auth\661388240 |
|
| 686 | _aХ629.3 | ||
| 686 | _aХ629.016 | ||
| 700 | 1 |
_4070 _7ca _8rus _aЩепельков _bВ. Ф. _gВладислав Федорович _95188 _3RU\NLR\auth\7722128 |
|
| 712 | 0 | 1 |
_aРоссийская Федерация _bВерховный Суд _bПленум _f2007, апрель _9865963 _3RU\NLR\AUTH\8810185065 |
| 801 | 0 |
_aRU _bNLR _c20110428 _gRCR |
|
| 801 | 1 |
_aRU _bNLR _c20110428 |
|
| 942 | _cBOOK | ||
| 980 | _aNB | ||